LEADER 01153nam0 2200289 450 001 000041568 005 20150918112602.0 010 $a978-88-506-5286-0 100 $a20150916d2010----km-y0itaa50------ba 101 0 $aita 102 $aIT 200 1 $aBasi di pedologia$ecos'è il suolo, come si forma, come va descritto e classificato$fGiacomo Certini, Fiorenzo Cesare Ugolini 210 $aMilano$cEdagricole$d2010 215 $aXI, 195 p.$cill.$d24 cm. 606 1 $aPedologia 676 $a631.4$v(22. ed.)$9Pedologia 700 1$aCertini,$bGiacomo$0306579 701 1$aUgolini,$bFiorenzo Cesare$0510912 801 0$aIT$bUniversità della Basilicata - B.I.A.$gREICAT$2unimarc 912 $a000041568 996 $aBasi di pedologia$9767655 997 $aUNIBAS CAT $aSTD104$b01$c20150916$lBAS01$h1002 CAT $aTTM$b30$c20150918$lBAS01$h1126 FMT Z30 -1$lBAS01$LBAS01$mBOOK$1BASA2$APolo Tecnico-Scientifico$2DID$BDidattica$3C1.P2.8$6113964$5T113964$820150916$f98$FConsultazione Z30 -1$lBAS01$LBAS01$mBOOK$1BASA2$APolo Tecnico-Scientifico$2DID$BDidattica$3C1.P2.8A$6113965$5T113965$820150916$f04$FPrestabile Didattica